| 000 | 00320nam a22001337a 4500 | ||
|---|---|---|---|
| 020 | _a0000000314817 | ||
| 040 | _cNUST | ||
| 082 |
_a641.57 _bKOK |
||
| 100 | _aKokab Khwaja | ||
| 245 | _aKokab Khwaja Kay Muntakhab Khanay | ||
| 260 |
_aLAHORE _bJahangir Book Depot _c2010 |
||
| 650 |
_aCooking _981580 |
||
| 942 |
_2ddc _cBK |
||
| 999 |
_c585991 _d585991 |
||